[Event "Yingmei Cup CHN-chT 2017"]
[Site "?"]
[Date "2017.08.18"]
[Round "12"]
[White "Fang, Yan"]
[Black "Bai, Jinshi"]
[Result "0-1"]
[WhiteElo "2447"]
[BlackElo "2585"]
[Annotator "TA"]
[PlyCount "130"]
[EventDate "2017.??.??"]
[SourceTitle "Wuxi"]

1. e4 e5 2. Nf3 Nf6 3. Nxe5 d6 4. Nf3 Nxe4 5. d3 Nf6 6. d4 d5 7. Bd3 c5 8. dxc5
Bxc5 9. Qe2+ {C01: French: Exchange Variation} (9. O-O O-O 10. Nc3 Nc6 11. Bg5
h6 12. Bh4 Be6 13. a3 Be7 14. Re1 Qb6 15. b4 a6 16. Rb1 Qc7 17. Bg3 Bd6 18.
Bxd6 Qxd6 19. Na4 {1/2-1/2 (52) Spraggett,K (2539)-Del Rio de Angelis,S (2527)
Figueira da Foz 2016}) 9... Be6 10. Ng5 {LiveBook: 3 Games} Qe7 11. Nxe6 {
The position is equal.} Qxe6 12. O-O $146 ({Predecessor:} 12. Qxe6+ fxe6 13. f3
O-O 14. Nd2 Nc6 15. Nb3 Bb6 {1/2-1/2 (13) Szuliman,G (2134)-Koczka,Z (2251)
Hungary 2001}) 12... O-O 13. Nc3 Nc6 14. Bg5 Qxe2 15. Bxe2 Ne4 16. Nxe4 dxe4
17. c3 h6 18. Be3 Bxe3 19. fxe3 Rad8 20. Rad1 g6 21. Bc4 Rxd1 22. Rxd1 $11 {
Endgame KRB-KRN} Kg7 23. Kf2 Ne5 24. Rd4 f5 25. Ke2 Rc8 26. Bb3 Rc7 27. Rd6 (
27. Kd2 $11) 27... Nd3 $17 28. g4 Nxb2 29. gxf5 gxf5 30. h4 h5 (30... Nc4 $17
31. Rd4 Na5) 31. Rd5 $11 Kf6 32. Rd6+ Kg7 33. Rd5 Kf6 34. Rd6+ Ke7 35. Rh6 Rxc3
36. Rxh5 Kf6 37. Rh6+ Kg7 38. Rd6 Nc4 39. Bxc4 Rxc4 {KR-KR} 40. Kf2 Rc2+ 41.
Kg3 Rxa2 42. Rd7+ Kf6 {[#] aiming for ...Re2.} 43. Rxb7 Ra3 44. Kf2 $1 Ra2+ 45.
Kg3 Ra3 46. Kf2 $1 Kg6 {Threatens to win with ...Kh5.} 47. Rb5 a6 48. Rc5 Ra1
49. Rd5 $2 (49. Kg2 $15) 49... a5 $19 50. h5+ Kg5 51. h6 a4 ({Don't play} 51...
Kxh6 52. Rxf5 Kg6 53. Re5 $17) 52. Kg2 $2 (52. h7 $11 Rh1 53. Rd7) 52... Kxh6 {
Black is clearly winning.} 53. Rxf5 {[#]} a3 $1 54. Rc5 a2 55. Ra5 Kg6 56. Ra6+
Kf5 57. Ra5+ Ke6 58. Ra4 Kd5 59. Kh2 Kc5 60. Kg2 Kb5 61. Ra8 Kc4 62. Ra3 Kb4
63. Ra8 Kb3 64. Rb8+ Kc3 {( -> ...Re1)} 65. Ra8 Rd1 {Precision: White = 53%,
Black = 81%.} 0-1

[Event "Yingmei Cup CHN-chT 2017"]
[Site "?"]
[Date "2017.08.18"]
[Round "12"]
[White "Guo, Qi"]
[Black "Liu, Shilan"]
[Result "1-0"]
[WhiteElo "2413"]
[BlackElo "2255"]
[Annotator "TA"]
[PlyCount "115"]
[EventDate "2017.??.??"]
[SourceTitle "Wuxi"]

1. d4 Nf6 2. c4 e6 3. Nf3 Bb4+ 4. Nbd2 O-O 5. a3 Bxd2+ 6. Qxd2 b6 7. e3 Bb7 8.
Be2 d6 9. O-O Nbd7 10. b4 Ne4 11. Qc2 f5 12. Bb2 Rf6 {E14: Queen's Indian:
Classical Variation (4 e3)} 13. d5 Rg6 {[#]} 14. Rad1 {LiveBook: 14 Games} ({
White should play} 14. Nd4 $1 $16) 14... Nf8 {[#]} (14... c5 $11) 15. Kh1 $146
(15. Nd4 $16) ({Find the theoretical novelty and annotate with similar games:} 
15. g3 c5 16. bxc5 bxc5 17. Ne1 exd5 18. cxd5 Qg5 19. Ng2 Re8 20. Bb5 {1-0 (30)
Malakhatko,V (2612)-Warakomski,T (2502) Polanica Zdroj 2008}) 15... Rh6 (15...
c6 $11) 16. Bd3 $14 exd5 17. cxd5 Bxd5 18. Bc4 (18. Bxe4 Bxe4 19. Qe2 (19. Qc3
Ne6 $17) 19... Qe7 $17) (18. Bb5 $5 Bb7 19. Bc6 Bxc6 20. Qxc6 $14) 18... Bxc4
19. Qxc4+ Ne6 20. Qd5 Kh8 21. Qxf5 N4g5 22. Nd2 $36 {Keeping Black busy.} Qf8
23. Qg4 Rg6 (23... Nf7 $16) 24. Qc4 Qf5 $2 (24... Rh6 25. f4 Nf7) 25. f4 Nf7
26. Qe2 d5 (26... Re8 $142 27. e4 Qg4 28. Qxg4 Rxg4) 27. e4 $18 dxe4 28. Qxe4
Qxe4 29. Nxe4 Nf8 30. Rc1 Rc8 31. f5 Rg4 32. Ng3 Kg8 33. Rfe1 a5 34. bxa5 bxa5
35. Re3 c5 36. h3 Rg5 37. Rc4 (37. Rf1 $18) 37... Nd6 $16 {[#]} 38. Rf4 $1 {
Threatens to win with h4.} Rb8 39. Bc3 {And now h4 would win.} h5 40. h4 Rb1+ (
40... Rg4 $16 41. Rxg4 (41. Nxh5 Rxf4 42. Nxf4 Rb3 $14) 41... hxg4) 41. Kh2 $18
Rg4 42. Rxg4 ({Not} 42. Nxh5 Rxf4 43. Nxf4 Rb3 $14) 42... hxg4 43. Re7 ({
Weaker is} 43. Bxa5 Nc4 $16) 43... Nf7 (43... Rb7 $142 44. Rxb7 Nxb7) 44. Nh5
g3+ 45. Kh3 c4 $2 (45... Rf1 46. Nxg7 Rc1) 46. Nxg7 Rb3 47. Bf6 {Black must
now prevent Ne6.} Nd6 48. Be5 Ne4 (48... Nf7 {was called for.} 49. Bf6 Nd6) 49.
Kg4 Nh7 (49... Nf2+ $142 50. Kh5 Nd3) 50. Ne6 c3 51. Rg7+ Kh8 52. Rg6+ Nhf6+
53. Bxf6+ Nxf6+ 54. Rxf6 Rb8 55. Nd4 {White is clearly winning.} Rd8 56. Ne2 c2
57. Rc6 Rd2 58. Kf3 {Precision: White = 61%, Black = 25%.} 1-0

[Event "Yingmei Cup CHN-chT 2017"]
[Site "?"]
[Date "2017.08.18"]
[Round "12"]
[White "Li, Yankai"]
[Black "Zhao, Jun"]
[Result "1/2-1/2"]
[WhiteElo "2392"]
[BlackElo "2616"]
[Annotator "TA"]
[PlyCount "61"]
[EventDate "2017.??.??"]
[SourceTitle "Wuxi"]

1. e4 e5 2. Nf3 Nc6 3. Bc4 Bc5 4. c3 Nf6 5. d4 exd4 6. cxd4 Bb4+ 7. Bd2 Nxe4 8.
Bxb4 Nxb4 9. Bxf7+ Kxf7 10. Qb3+ {[%emt 0:00:05] C4: Giuoco Piano: 4 c3 Nf6,
main lines with 5 d4 and 5 d3} Kf8 11. Qxb4+ Qe7 12. Qxe7+ Kxe7 13. O-O Nf6 14.
Re1+ Kd8 $1 {[#] LiveBook: 11 Games} 15. Nc3 $146 ({Find the theoretical
novelty and annotate with similar games:} 15. Ng5 Rf8 16. Nc3 h6 17. Nge4 Ne8 {
0-1 (54) Kosteniuk,A (2541)-Kramnik,V (2760) Sochi 2014}) 15... d6 16. Ng5 Rf8
17. Re3 h6 18. Nge4 Ne8 19. d5 Bd7 20. h4 a5 21. Rd1 Ra6 22. Rd2 Rb6 23. g3 Rb4
24. a3 Rb6 25. Ne2 Rf5 26. f4 Rf7 27. Nd4 Re7 {aiming for ...Nf6.} 28. Kf2 $1
c5 29. Ne6+ {The position is equal.} Bxe6 30. dxe6 Rxe6 31. f5 {Precision:
White = 52%, Black = 83%.} 1/2-1/2

[Event "Yingmei Cup CHN-chT 2017"]
[Site "?"]
[Date "2017.08.18"]
[Round "12"]
[White "Wang, Tongsen"]
[Black "Peng, Hongchi"]
[Result "1/2-1/2"]
[WhiteElo "2385"]
[BlackElo "2210"]
[Annotator "TA"]
[PlyCount "100"]
[EventDate "2017.??.??"]
[SourceTitle "Wuxi"]

1. e4 c5 2. Nf3 d6 3. d4 Nf6 4. Nc3 cxd4 5. Nxd4 a6 6. Bg5 e6 7. f4 h6 8. Bh4
Be7 9. Qf3 Nbd7 10. O-O-O Qc7 11. Qg3 {LiveBook: 65 Games. B98: Sicilian
Najdorf: 6 Bg5 e6 7 f4 Be7, sidelines} (11. Be2 g5 12. fxg5 hxg5 13. Bxg5 b5
14. Bxf6 Bxf6 15. Bxb5 axb5 16. Ndxb5 Qc5 17. Nxd6+ Ke7 18. e5 Bxe5 19. Qxf7+
Kd8 20. Nb7+ {1-0 (20) Hovhannisyan,R (2624) -Gabuzyan,H (2585) Yerevan 2016})
11... b5 12. Bxf6 ({Weaker is} 12. Qxg7 Rg8 $17) (12. a3 {with more
complications.} O-O 13. Be2 Bb7 14. Bf3 Kh8 15. Rhe1) 12... Nxf6 13. e5 {
The position is equal.} dxe5 14. fxe5 Nd7 15. Bxb5 (15. Nxe6 $5 fxe6 16. Qg6+
Kf8 17. Bxb5 $1 Bg5+ 18. Kb1 axb5 19. Rhf1+ Kg8 20. Qxe6+ Kh7 21. Qf5+ Kg8 22.
Qf7+ Kh7 23. Qf5+ Kg8 24. Qf7+ Kh7 25. Qf5+ $11) 15... axb5 ({Much worse is} 
15... Bg5+ $6 16. Kb1 $16) 16. Ndxb5 Qc5 {Threatens to win with ...0-0.} 17.
Qxg7 Rf8 18. Rhe1 $146 ({Predecessor:} 18. a4 Rxa4 19. Nxa4 Qxb5 {0-1 (44)
Videnova,I (2155)-Georgiev,K (2500) Sunny Beach 2007}) 18... Ra6 (18... Ba6 $11
19. Nd6+ Bxd6 20. exd6 Qg5+ 21. Qxg5 hxg5) 19. Kb1 $14 Bb7 20. Qxh6 (20. a4 $14
) 20... Rb6 ({Better is} 20... Nxe5 $11 21. Qd2 Bc8) 21. Qd2 $1 Bc6 22. a4 {
Hoping for Ne4.} Rg8 23. g3 ({White should play} 23. Re4 $14 Rb7 24. g3) 23...
Rg4 $15 24. b3 Rb7 $36 {Black is pushing.} 25. Qe2 $2 {[#]} (25. Re3 $11 {
and White has nothing to worry.}) 25... Bxb5 $3 $19 26. Nxb5 $2 {[#]} (26. Qxg4
Qxc3 27. Qd4 (27. axb5 {is a self mate.} Ra7 28. Qg8+ Nf8 29. Rd8+ Bxd8 30.
Qxf7+ Kxf7 31. Rf1+ Kg8 32. Rxf8+ Kxf8 33. h4 Qa1#) 27... Qxd4 28. Rxd4) (26.
axb5 Qxc3) 26... Rxa4 $3 27. bxa4 {Qf3 is the strong threat.} Qb4+ 28. Kc1 {
aiming for Qe3.} Bg5+ 29. Rd2 Qxa4 30. c4 Nc5 31. Nd6+ Kf8 {( -> ... Qa3+)} 32.
Nxb7 Qa1+ $1 33. Kc2 Qa2+ 34. Kc3 {[#]} Qa3+ $1 35. Kd4 Nb3+ 36. Ke4 Nxd2+ 37.
Kd4 Qb2+ 38. Kc5 Qxb7 39. Kd4 Nf3+ (39... Qb6+ $142 40. Kd3 Qb3+ 41. Kd4 {[#]}
Be3+ $1 42. Qxe3 Qxc4#) 40. Kd3 Qb3+ {Black mates.} 41. Ke4 Nxe1 42. Qxe1 Qxc4+
43. Kf3 Qd3+ 44. Kg2 Qd2+ 45. Qxd2 Bxd2 {KB-K3P} 46. Kf3 Kg7 47. h4 Kg6 48. g4
Be1 49. h5+ Kg5 50. Ke4 Bc3 {Precision: White = 38%, Black = 69%. . An
unexpected result.} 1/2-1/2

[Event "Yingmei Cup CHN-chT 2017"]
[Site "?"]
[Date "2017.08.18"]
[Round "12"]
[White "Lan, Zilun"]
[Black "Moiseenko, Alexander"]
[Result "1/2-1/2"]
[WhiteElo "2357"]
[BlackElo "2671"]
[Annotator "TA"]
[PlyCount "148"]
[EventDate "2017.??.??"]
[SourceTitle "Wuxi"]

1. d4 Nf6 2. c4 e6 3. Nf3 Bb4+ 4. Bd2 Qe7 5. g3 Nc6 6. Bg2 Bxd2+ 7. Qxd2 Ne4 8.
Qc2 Qb4+ 9. Nc3 Nxc3 10. Qxc3 Qxc3+ 11. bxc3 Na5 {LiveBook: 3 Games. E11:
Bogo-Indian} 12. Nd2 Rb8 13. c5 b6 {Black is slightly better.} 14. Nb3 Ba6 15.
Bf3 Ke7 16. O-O {[#]} Nc4 $146 ({Find the theoretical novelty and annotate
with similar games:} 16... Nb7 17. Rfb1 d5 18. e4 Bd3 19. Re1 dxe4 20. Bxe4
Bxe4 21. Rxe4 {0-1 (106) Stanec,N (2465)-Kosten,A (2530) Slough 1997}) 17. Rfe1
d6 18. e4 Na3 19. Be2 Bb7 (19... Bxe2 $17 20. Rxe2 dxc5) 20. Bd3 (20. cxd6+ $15
cxd6 21. Bd3) 20... dxc5 $17 21. dxc5 Rhd8 22. Red1 Rd7 23. Kf1 a5 24. cxb6
cxb6 25. Ke2 Rc8 26. Rac1 Rdc7 27. Kd2 (27. Nd4 $142) 27... e5 $1 28. f3 g6 29.
h4 h5 30. Re1 Ke6 31. Re3 a4 32. Na1 {[#]} b5 $1 33. Ree1 f5 34. Nc2 {[#]} Nc4+
$1 35. Bxc4+ Rxc4 36. exf5+ gxf5 37. f4 Be4 38. fxe5 Rd8+ (38... Bxc2 $17 39.
Rxc2 Rd8+ 40. Ke2 Rg8) 39. Nd4+ $11 Kxe5 {aiming for ...b4.} 40. a3 $1 Rc5 (
40... Rcxd4+ $5 41. cxd4+ Rxd4+ 42. Kc3 Rd3+ 43. Kb4 Rb3+ 44. Ka5 Rxg3 $15) 41.
Rb1 Rg8 42. Re3 Rxg3 43. Rxg3 Bxb1 {Endgame KRB-KRN} 44. Rg5 Be4 (44... b4 $5
45. axb4 Rc8 $15) 45. Rxh5 {The position is equal.} Rc8 {Strongly threatening .
..b4!} 46. Nxb5 Rg8 47. Rg5 Rh8 48. Nd4 Kf6 49. Ne2 Rxh4 50. Rg8 Rh3 51. Rd8
Rh2 {...Bf3 is the strong threat.} 52. Ke3 Rh3+ 53. Kd2 Ke5 54. Re8+ Kd6 55.
Rd8+ Kc5 56. Rc8+ Kb6 57. Rb8+ Ka5 58. Rd8 Rh1 (58... Rh2 $5 59. Ke3 Rh3+ 60.
Kd2 Ka6 $11) 59. Ng3 Rh2+ 60. Ke3 Rh3 61. Kf4 Rh4+ 62. Ke5 Bc2 63. Nxf5 Rh5 64.
Rd5+ Kb6 65. Kf4 Bxf5 66. Rxf5 {KR-KR} Rh3 67. c4 Rxa3 68. Ke4 Rb3 69. Kd4 a3
70. Rf8 {Intending Rb8+ and mate.} Ka7 71. Rf7+ Ka6 {And now ...a2 would win.}
72. Rf8 Ka7 {White must now prevent ...a2.} 73. Rf7+ $1 Ka6 {Hoping for ...a2.}
74. Rf8 Ka7 {Precision: White = 65%, Black = 63%.} (74... Kb7 $5 75. Rf7+ Ka6
$11) 1/2-1/2

[Event "Yingmei Cup CHN-chT 2017"]
[Site "?"]
[Date "2017.08.18"]
[Round "12"]
[White "Zhang, Xiaowen"]
[Black "Xiao, Yiyi"]
[Result "1/2-1/2"]
[WhiteElo "2345"]
[BlackElo "2290"]
[Annotator "TA"]
[PlyCount "140"]
[EventDate "2017.??.??"]
[SourceTitle "Wuxi"]

1. e4 e5 2. Nf3 Nc6 3. Bc4 Bc5 4. O-O Nf6 5. d3 d6 6. c3 a6 7. a4 {[%emt 0:00:
05] C4: Giuoco Piano: 4 c3 Nf6, main lines with 5 d4 and 5 d3} Ba7 8. h3 (8.
Re1 O-O 9. h3 Ne7 10. Nbd2 Ng6 11. Nf1 c6 12. Bb3 d5 13. Ng3 Be6 14. exd5 Nxd5
15. d4 exd4 16. Nxd4 Qc7 17. Bxd5 Bxd5 18. Ndf5 {0-1 (29) Harikrishna,P (2737)
-Bacrot,E (2715) Biel 2017}) 8... h6 9. Re1 O-O 10. Nbd2 Be6 11. b4 Qd7 {
LiveBook: 4 Games} 12. Nf1 Bxc4 $146 ({Predecessor:} 12... b5 13. Bxe6 fxe6 14.
Be3 Bxe3 15. Nxe3 Kh8 16. Re2 d5 17. exd5 exd5 {1-0 (33) Anaskin,A (2153)
-Chumak,D (1791) Khanty-Mansiysk 2016}) 13. dxc4 Qe6 14. Qe2 Nh5 15. a5 Ne7 16.
Nh4 (16. N3h2 $5 Nf6 17. Ng4 $11) 16... Qf6 17. Nf3 Ng6 18. g3 Qe6 $36 {
Black is pushing.} 19. Kg2 f5 20. exf5 (20. N3h2 $1 $11 Nf6 21. exf5 Qxf5 22.
Be3) 20... Rxf5 $17 {aiming for ...Raf8.} 21. Nd4 Bxd4 22. cxd4 Raf8 23. Kg1
Rf3 ({Worse is} 23... Rxf2 24. Qxh5 R8f5 25. Qd1 $16 (25. d5 Qf6 $15)) 24. Nh2
{[#]} Nxg3 $1 25. fxg3 Rxg3+ 26. Kh1 Qxh3 27. Rf1 Rxf1+ 28. Qxf1 Qh4 29. Qe1 {
and the idea dxe5 leaves White hopeful.} exd4 {Strongly threatening ...Kh7.}
30. Ra2 $2 (30. Qe6+ $17 Kh7 31. Qf5) 30... Ne5 (30... Rc3 $142 31. Re2 Qxe1+
32. Rxe1 Ne5) 31. Rg2 Rg4 32. Qxh4 Rxh4 33. Kg1 d3 34. c5 dxc5 35. bxc5 Kh7 (
35... Kf7 $19 {and Black stays clearly on top.} 36. Bd2 Rc4) 36. Bb2 Re4 {
[#] Hoping for ...Re1+.} 37. Nf1 g5 {White must now prevent ...Nf3+.} 38. Nd2
Re1+ 39. Kf2 Rd1 ({Black should play} 39... Re2+ $17 40. Kf1 Rxg2 41. Kxg2 Nd7)
40. Ke3 $11 Ng6 ({Don't play} 40... Re1+ 41. Kf2 $17) 41. Nf3 Rf1 (41... Nf4
$11 42. Rf2 Kg6) 42. Rg1 (42. Rh2 $16 {And now Nxg5+ would win.} d2 43. Rxd2)
42... Rxg1 43. Nxg1 Nf4 44. Be5 Ne6 {next ...Kg6 is good for Black.} 45. Kxd3
Kg6 {With the idea ...Kf5.} 46. Kc4 (46. Ke4 $11) 46... c6 $2 (46... Kf5 $17
47. Bh2 Ke4) 47. Ne2 Kf5 48. Bd6 Ke4 49. Ng3+ $1 Kf3 50. Nh5 Kg4 51. Nf6+ Kf5
52. Nh5 Kg6 53. Ng3 h5 54. Kd3 h4 55. Nf1 g4 56. Ke4 g3 57. Kf3 Nd4+ 58. Kg2
Nf5 59. Bf4 Nd4 60. Nd2 $2 (60. Bd6 $11 {and White has nothing to worry.})
60... Kf5 $19 61. Nf3 Kxf4 62. Nxd4 {Endgame Now Ne6+ and White clings on.
KN-KP} Kg4 63. Ne6 (63. Ne2 $142 h3+ 64. Kf1) 63... h3+ 64. Kg1 Kf5 65. Nd8 Kf4
66. Nxb7 Kf3 $2 (66... Ke3 {mates} 67. Nd6 Kf3 68. Kh1 h2 69. Nf5 g2+ 70. Kxh2
Kf2 71. Kh3 g1=Q 72. Kh4 Kf3 73. Nd4+ Qxd4+ 74. Kg5 Qg7+ 75. Kf5 Qe7 76. Kg6
Kf4 77. Kh6 Kf5 78. Kh5 Qh7#) 67. Nd6 $1 $11 {The position is equal.} h2+ (
67... g2 $5) 68. Kh1 Kf2 {( -> ...g2+)} 69. Ne4+ Kf3 70. Nxg3 $2 (70. Nd6 Kf2
71. Ne4+ Kf3 72. Nd6) 70... Kxg3 {Precision: White = 51%, Black = 61%.} 1/2-1/2

[Event "Yingmei Cup CHN-chT 2017"]
[Site "?"]
[Date "2017.08.18"]
[Round "12"]
[White "Zhai, Mo"]
[Black "Hong, Xing"]
[Result "1-0"]
[WhiteElo "2303"]
[BlackElo "1982"]
[Annotator "TA"]
[PlyCount "93"]
[EventDate "2017.??.??"]
[SourceTitle "Wuxi"]

1. Nf3 Nf6 2. c4 e6 3. d4 d5 4. Bg5 Be7 5. e3 O-O 6. Nbd2 {LiveBook: 31 Games}
b6 {D30: Queen's Gambit Declined: Systems without Nc3} (6... c5 7. dxc5 Bxc5 8.
cxd5 exd5 9. Bd3 h6 10. Bh4 Nc6 11. O-O Be7 12. Rc1 Ne4 13. Bxe7 Qxe7 14. Re1 {
1/2-1/2 (65) Epishin,V (2558)-Hoffman,A (2433) Oeiras 2015}) 7. Bd3 Bb7 8. O-O
Nbd7 {The position is equal.} 9. Qe2 Ne4 10. Bf4 c5 11. cxd5 exd5 12. Rac1 $146
({Predecessor:} 12. Rfd1 c4 13. Bc2 b5 14. Nxe4 dxe4 15. Nd2 f5 {1-0 (23)
Tesar,J (2143)-Mezlik,S (1886) Czechia 2010}) 12... Bf6 13. Rfd1 Qe7 14. h3
Rfe8 15. Ba6 Bxa6 16. Qxa6 g5 17. Bh2 h5 ({Much weaker is} 17... Nxf2 $6 18.
Kxf2 h5 19. Qe2 $16) 18. Qe2 g4 19. hxg4 hxg4 20. Ne5 Bxe5 (20... g3 $5 21.
Bxg3 Nxg3 22. Qg4+ Bg7 23. Nxd7 cxd4 $14) 21. dxe5 Qe6 $2 (21... Nxe5 $11 22.
Nxe4 dxe4) 22. Nxe4 $18 dxe4 23. Rd6 $36 {White is on the roll.} Qf5 {[#]} 24.
e6 $1 Nf6 (24... Rxe6 25. Rxd7) 25. exf7+ Kxf7 26. Rcd1 Re7 27. Qc4+ Kg7 {[#]}
28. Qc3 $1 {And now R1d5 would win.} Kf7 29. Bg3 Rh8 {[#]} 30. R1d5 $1 Nxd5 31.
Qxh8 {Hoping for Rd8.} Re8 32. Qh6 Nf6 33. Rc6 ({White should try} 33. Bh4 $18
Nd5 34. Kh1) 33... Re6 (33... Rc8 $16 34. Rd6 Ne8) 34. Rc7+ Re7 35. Rxe7+ Kxe7
36. Qg7+ Ke8 37. Qxa7 Qe6 38. b3 Qc6 39. Qg7 Qe6 40. a4 Qf5 $2 (40... Nd5 41.
Bh4 Nb4) 41. Bh4 Nd5 42. Qg8+ Kd7 43. Qd8+ Kc6 44. Qe8+ Kb7 45. Bg3 Qh7 $2 (
45... Qc8 46. Qxe4 Qd7) 46. Qb8+ Kc6 47. Qd6+ {Precision: White = 71%, Black =
50%.} 1-0

[Event "Yingmei Cup CHN-chT 2017"]
[Site "?"]
[Date "2017.08.18"]
[Round "12"]
[White "Ren, Xiaoyi"]
[Black "Zhu, Jiner"]
[Result "1-0"]
[WhiteElo "2262"]
[BlackElo "2154"]
[Annotator "TA"]
[PlyCount "91"]
[EventDate "2017.??.??"]
[SourceTitle "Wuxi"]

1. d4 Nf6 2. c4 b6 3. Nc3 e6 4. Bg5 Bb4 5. e4 (5. f3 c5 6. d5 h6 7. Bh4 Ba6 8.
e4 exd5 9. cxd5 Bxf1 10. Kxf1 Bxc3 11. bxc3 d6 12. Qa4+ Qd7 {1-0 (31) Bologan,
V (2693)-Fier,A (2571) Caleta 2011}) 5... Bxc3+ 6. bxc3 {e5 is the strong
threat. E30: Nimzo-Indian: Leningrad Variation} h6 7. Bxf6 Qxf6 8. Bd3 {
The position is equal.} Bb7 9. Ne2 e5 $146 ({Predecessor:} 9... Qg5 10. O-O f5
11. d5 f4 12. Nd4 e5 13. Nf3 Qe7 {1-0 (30) Fodor,T (2422)-Hasanagic,A (2064)
Kemer 2007}) 10. O-O d6 11. f4 Qe7 12. Ng3 (12. c5 $5) 12... g6 13. fxe5 (13.
c5 $5) 13... dxe5 14. c5 O-O 15. Bc4 Nc6 16. Bd5 Na5 17. Qg4 {Qxg6+ would kill
now.} Kh7 18. Bxb7 Nxb7 19. c6 Na5 20. d5 $1 Nc4 {And now ...Ne3 would win.}
21. Rf3 Rg8 22. Raf1 $36 {White fights for an advantage.} Rg7 {Hoping for ...
Nd2.} 23. R1f2 Kg8 24. Rf6 Rd8 25. h4 Rd6 (25... h5 $5 26. Qg5 Nd6 $11) 26.
Rxd6 Nxd6 27. h5 gxh5 $2 (27... Kh7 $11) 28. Qd7 $18 Kf8 29. Nf5 $1 ({Not} 29.
Nxh5 Rg5 $11) 29... Nxf5 {[#]} 30. Qxf5 {Endgame KQR-KQR} (30. Qc8+ $1 $18 {
and the rest is easy.} Qe8 31. Qxf5) 30... Kg8 $2 (30... Ke8 $16 {is a better
defense.}) 31. Qd7 f6 32. Qxe7 Rxe7 33. Rxf6 {KR-KR} Kg7 34. Rf5 Kg6 35. c4 a5
(35... h4 $142 36. Kh2 Kg7) 36. a4 Re8 37. Kh2 Re7 38. Kh3 Re8 39. Kh4 Re7 40.
Rxh5 (40. Rf8 $142 Rg7 {[#]} 41. d6 $1 cxd6 42. Rc8) 40... Re8 41. Rf5 Re7 42.
Rf8 Kg7 43. Rd8 Kf6 44. Rd7 Rxd7 45. cxd7 Ke7 46. Kh5 {Precision: White = 78%,
Black = 46%.} 1-0

[Event "Yingmei Cup CHN-chT 2017"]
[Site "?"]
[Date "2017.08.18"]
[Round "12"]
[White "Gu, Tianlu"]
[Black "Wang, Jue"]
[Result "0-1"]
[WhiteElo "2212"]
[BlackElo "2335"]
[Annotator "TA"]
[PlyCount "98"]
[EventDate "2017.??.??"]
[SourceTitle "Wuxi"]

1. d4 d5 2. c4 c6 3. Nc3 Nf6 4. Nf3 e6 5. Bg5 Nbd7 6. cxd5 exd5 7. e3 Be7 8.
Bd3 Ne4 9. Bxe4 Bxg5 {LiveBook: 22 Games} 10. Bc2 {D35: Queen's Gambit
Declined: Exchange Variation} (10. Bd3 Be7 11. Qc2 Nf6 12. h3 O-O 13. O-O-O a5
14. g4 g6 15. Ne5 Nd7 16. f4 Nxe5 17. dxe5 Qb6 {1/2-1/2 (47) Wang,H (2724)
-Malakhov,V (2732) Ningbo 2010}) 10... Be7 11. O-O O-O 12. Rb1 $146 {The
position is equal.} (12. Re1 {feels hotter.} Nf6 13. Ne5 Bd6 14. e4 Nxe4 15.
Nxe4 dxe4 16. Rxe4 Be6 17. Bb3) ({Predecessor:} 12. Rc1 Nf6 13. h3 Bd6 14. Qd3
Qe7 15. a3 Re8 16. Nd2 g6 17. Ne2 Bf5 18. Qb3 Bxc2 19. Rxc2 {1/2-1/2 (36)
Lewandowski,M (2000)-Wierzbicki,S (1800) Solec Kuj 2003}) 12... a5 13. Re1 g6
14. a3 Re8 15. b4 axb4 16. axb4 Nb6 17. Ne5 (17. b5 $11) 17... Bd6 $17 18. e4
Ra3 19. Ne2 {[#]} ({White should try} 19. Bb3) 19... f6 $1 $36 {White is under
strong pressure.} 20. Qc1 Ra7 ({Inferior is} 20... fxe5 21. Qxa3 Rf8 22. dxe5
$16) 21. Nxg6 hxg6 22. Qh6 Re7 {And now ...Qf8 would win.} 23. exd5 Nxd5 24.
Qxg6+ Rg7 25. Qh6 b5 26. Ng3 Bxg3 ({Less strong is} 26... Bxb4 {[#]} 27. Rxb4
$1 Nxb4 28. Bb3+ Nd5 29. Nh5 $15) 27. hxg3 Rae7 28. Re4 Rxe4 29. Bxe4 Be6 30.
Re1 Bf7 31. Qd2 (31. Bd3 $17 {was worth a try.}) 31... Qd6 32. Ra1 {Ra8+ is
the strong threat.} Rg5 33. Ra8+ Kg7 34. Ra7 Nxb4 35. f4 $2 (35. Qf4 Qxf4 36.
gxf4) 35... Rxg3 $19 36. Qf2 Rc3 37. Kh2 {intending Qh4.} Nd5 38. g3 Ra3 39.
Rxa3 Qxa3 40. Qe2 Qe7 41. Qg4+ Kf8 42. Bd3 Qe3 43. Qc8+ Qe8 44. Qg4 b4 45. Bc2
Ne3 {Black mates.} 46. Qe2 Bc4 47. Bd3 Bxd3 48. Qxd3 Qh5+ 49. Kg1 Qd1+ {
Precision: White = 25%, Black = 76%.} 0-1

[Event "Yingmei Cup CHN-chT 2017"]
[Site "?"]
[Date "2017.08.18"]
[Round "12"]
[White "Zhang, Lanlin"]
[Black "Stefanova, Antoaneta"]
[Result "0-1"]
[WhiteElo "2080"]
[BlackElo "2510"]
[Annotator "TA"]
[PlyCount "116"]
[EventDate "2017.??.??"]
[SourceTitle "Wuxi"]

1. e4 e5 2. Nf3 Nc6 3. Bc4 Bc5 4. O-O Nf6 5. d3 d6 6. c3 h6 7. h3 O-O 8. a4 {
[%emt 0:00:05] C4: Giuoco Piano: 4 c3 Nf6, main lines with 5 d4 and 5 d3} a5 {
LiveBook: 9 Games} 9. Be3 (9. Re1 Ba7 10. Nbd2 Ne7 11. Nf1 Ng6 12. Ng3 c6 13.
d4 exd4 14. Nxd4 {1/2-1/2 (48) Karjakin,S (2783)-Kramnik,V (2811) Shamkir 2017}
) 9... Bxe3 10. fxe3 {The position is equal.} d5 11. exd5 Nxd5 12. Qe2 Nb6 $146
({Predecessor:} 12... Be6 13. Nbd2 Re8 14. Bb5 Bd7 15. Nc4 f6 {1/2-1/2 (34)
Hemmer,F (1936)-Mascioni,V (2327) IECG email 1998}) 13. Bb3 Qe7 14. Nbd2 Be6
15. Bc2 f5 16. e4 f4 17. d4 exd4 18. cxd4 Nb4 19. Bd1 c6 20. b3 Rae8 21. Rc1
Qd8 22. Re1 (22. Bc2 $5) 22... Re7 23. Rc3 Bf7 24. Qf2 Bg6 25. Be2 Kh8 26. Bf1
(26. Nh4 $5 Bh7 27. Bh5 $11) 26... Nd7 27. Kh1 (27. e5 $11 {remains equal.})
27... Bh7 28. Bc4 {[#]} Nf6 $1 29. Ne5 c5 30. Nef3 cxd4 31. Nxd4 Qb6 (31...
Nxe4 $17 32. Nxe4 Bxe4) 32. Rf3 {[#]} (32. e5 $11) 32... Nxe4 (32... Rd8 $1 $17
33. Nb5 Qxf2 34. Rxf2 Nc2) 33. Nxe4 $11 Rxe4 34. Rxe4 Bxe4 35. Ne6 Qxf2 36.
Rxf2 Rf6 37. Rxf4 Rxf4 38. Nxf4 {Endgame KBN-KBN} g5 39. Ne6 Kh7 40. Kg1 Kg6
41. Kf2 Kf6 42. Nc5 Bc6 43. g3 (43. Bb5 $1 $11) 43... Ke5 $15 44. Ke3 ({
White should try} 44. Ne6 $1 $15) 44... Nc2+ 45. Kd3 (45. Kd2 $1 $15 Nd4 46.
Nd3+ Kf6 47. Nf2) 45... Nd4 46. Ke3 $2 (46. Kc3 $17) 46... Nf5+ $19 47. Kf2 Nd6
(47... Kd4 $19 48. Ne6+ Kc3) 48. Bg8 $2 (48. Ke3 $17) 48... b6 49. Na6 Bb7 50.
Nb8 $2 (50. Nc7 Ne4+ 51. Ke3) 50... Ne4+ {Black is clearly winning.} 51. Ke3
Kd6 52. g4 (52. b4 $142 axb4 53. Na6) 52... Nc5 53. Kd4 Bg2 54. Bc4 Bxh3 55.
Be2 Nxb3+ 56. Ke3 Bg2 57. Bb5 Nc5 58. Kd4 Bb7 {Precision: White = 26%, Black =
64%.} 0-1